=LDR 00000nam 2200000 4500 =001 INLIS000000000019579 =005 20130612114624 =008 ***********************************Ind** =035 ##$$0010-061300000019579 =041 ##$$a Ind =082 ##$$a 658.04 =090 ##$$a 658.04, Kod m =100 ##$$a Kodoatie, Robert J =245 ##$$a Manajemen dan rekayasa infrastruktur, Robert J. Kodoatie =260 ##$$a 2003 $b Yogyakarta =300 ##$$a xxv, 526 hlm, 23 cm =650 ##$$a Manajemen Infrastruktur =850 ##$$a NBPNMAT